[Event "FIDE Disabilities Olym"]
[Site "Belgrade"]
[Date "2023.02.04"]
[Round "?"]
[White "Shashikant, Kutwal"]
[Black "Severino, Sander"]
[Result "1/2-1/2"]
[WhiteElo "2182"]
[BlackElo "2364"]
[PlyCount "73"]
[EventDate "2023.01.30"]
[EventType "team-swiss"]
[EventRounds "6"]
[EventCountry "SRB"]
[SourceTitle "CBM 212 Extra"]
[Source "ChessBase"]
[SourceDate "2023.03.31"]
[SourceVersion "1"]
[SourceVersionDate "2023.03.31"]
[SourceQuality "1"]
[WhiteTeam "India"]
[BlackTeam "Philippines"]
[WhiteTeamCountry "IND"]
[BlackTeamCountry "PHI"]

1. e4 c6 2. d4 d5 3. e5 Bf5 4. Nf3 e6 5. Be2 Nd7 6. 0-0 Ne7 7. Nbd2 h6 8. Nb3 a6 9. a4 Rc8 10. Bd2 c5 11. Nxc5 Nxc5 12. dxc5 Rxc5 13. Nd4 Bh7 14. b4 Rc8 15. b5 a5 16. Qe1 b6 17. Rc1 Qc7 18. Bd3 Nf5 19. Nc6 Ba3 20. Ra1 Bc5 21. Be3 Bxe3 22. fxe3 Ne7 23. Qg3 0-0 24. Nd4 Qc3 25. Ne2 Qc5 26. Nd4 Qc3 27. Ne2 Qb4 28. Rfb1 Qc5 29. Nd4 Qc3 30. Ne2 Qc7 31. Nd4 Qd7 32. Rf1 Rc3 33. Rad1 Qc8 34. Qh4 Qd7 35. Qg3 Qc8 36. Qh4 Qd7 37. Ra1 1/2-1/2

[Event "FIDE Disabilities Olym"]
[Site "Belgrade"]
[Date "2023.02.02"]
[Round "?"]
[White "Severino, Sander"]
[Black "Tazbir, Marcin"]
[Result "1/2-1/2"]
[WhiteElo "2364"]
[BlackElo "2507"]
[PlyCount "28"]
[EventDate "2023.01.30"]
[EventType "team-swiss"]
[EventRounds "6"]
[EventCountry "SRB"]
[SourceTitle "CBM 212 Extra"]
[Source "ChessBase"]
[SourceDate "2023.03.31"]
[SourceVersion "1"]
[SourceVersionDate "2023.03.31"]
[SourceQuality "1"]
[WhiteTeam "Philippines"]
[BlackTeam "Poland"]
[WhiteTeamCountry "PHI"]
[BlackTeamCountry "POL"]

1. Nf3 d5 2. d4 Nf6 3. c4 dxc4 4. e3 e6 5. Bxc4 c5 6. 0-0 a6 7. dxc5 Bxc5 8. Qxd8+ Kxd8 9. a3 Ke7 10. b4 Bd6 11. Bb2 b5 12. Be2 Bb7 13. Nbd2 Nbd7 14. Nb3 Rac8 1/2-1/2

[Event "FIDE Disabilities Olym"]
[Site "Belgrade"]
[Date "2023.01.31"]
[Round "?"]
[White "Severino, Sander"]
[Black "Orsag, Milan"]
[Result "1-0"]
[WhiteElo "2364"]
[BlackElo "2308"]
[PlyCount "75"]
[EventDate "2023.01.30"]
[EventType "team-swiss"]
[EventRounds "6"]
[EventCountry "SRB"]
[SourceTitle "CBM 212 Extra"]
[Source "ChessBase"]
[SourceDate "2023.03.31"]
[SourceVersion "1"]
[SourceVersionDate "2023.03.31"]
[SourceQuality "1"]
[WhiteTeam "Philippines"]
[BlackTeam "Czech Republic"]
[WhiteTeamCountry "PHI"]
[BlackTeamCountry "CZE"]

1. d4 d5 2. c4 e6 3. Nc3 c5 4. cxd5 exd5 5. Nf3 Nc6 6. g3 Nf6 7. Bg2 Be7 8. 0-0 0-0 9. Bg5 cxd4 10. Nxd4 h6 11. Be3 Re8 12. Rc1 Bf8 13. Nxc6 bxc6 14. Na4 Bd7 15. Bc5 Bxc5 16. Nxc5 Bg4 17. Re1 Rb8 18. b3 Qa5 19. Na4 Rbc8 20. h3 Bf5 21. Qd4 h5 22. e3 Be4 23. f3 Bf5 24. Kf2 Nd7 25. Qc3 Qc7 26. Nc5 Nf6 27. h4 Re7 28. b4 Ne8 29. Nb3 Nd6 30. Nd4 Bd7 31. Bf1 Qb6 32. Qc5 Qxc5 33. Rxc5 Nb7 34. Rc3 c5 35. bxc5 Rxc5 36. Rec1 Rxc3 37. Rxc3 Be6 38. Bd3 1-0

[Event "Titled Tuesday intern op 05th Jul Early"]
[Site "Chess.com INT"]
[Date "2022.07.05"]
[Round "5"]
[White "Meskovs, Nikita"]
[Black "Severino, Sander"]
[Result "1-0"]
[WhiteElo "2535"]
[BlackElo "2364"]
[PlyCount "67"]
[EventDate "2022.07.05"]
[EventType "swiss (blitz)"]
[EventRounds "11"]
[EventCountry "USA"]
[SourceTitle "CBM 209 Extra"]
[Source "ChessBase"]
[SourceDate "2022.09.30"]
[SourceVersion "1"]
[SourceVersionDate "2022.09.30"]
[SourceQuality "1"]

1. e4 e6 2. d4 d5 3. Nd2 c5 4. exd5 exd5 5. Ngf3 Nc6 6. dxc5 Bxc5 7. Nb3 Bb6 8. c3 Nf6 9. Bd3 Ne4 10. Nfd4 0-0 11. 0-0 Ne5 12. Bf4 Qf6 13. Bg3 Re8 14. Re1 Nxd3 15. Qxd3 Bd7 16. Qf3 Qg6 17. Qf4 Rac8 18. Qf3 h5 19. Bf4 Bg4 20. Qd3 h4 21. h3 Bf5 22. Qf3 a5 23. a4 Bd7 24. Re2 Rc4 25. Nb5 Nxf2 26. Rxf2 Rxf4 27. Qxf4 Bxf2+ 28. Qxf2 Bxh3 29. N3d4 Re4 30. Kh1 Bxg2+ 31. Qxg2 Rg4 32. Qf2 Qe4+ 33. Nf3 Rg3 34. Nbd4 1-0

[Event "Titled Tuesday intern op 05th Jul Early"]
[Site "Chess.com INT"]
[Date "2022.07.05"]
[Round "8"]
[White "Severino, Sander"]
[Black "Kosteniuk, Alexandra"]
[Result "1-0"]
[WhiteElo "2364"]
[BlackElo "2521"]
[PlyCount "157"]
[EventDate "2022.07.05"]
[EventType "swiss (blitz)"]
[EventRounds "11"]
[EventCountry "USA"]
[SourceTitle "CBM 209 Extra"]
[Source "ChessBase"]
[SourceDate "2022.09.30"]
[SourceVersion "1"]
[SourceVersionDate "2022.09.30"]
[SourceQuality "1"]

1. d4 f5 2. Nf3 Nf6 3. g3 g6 4. Bg2 Bg7 5. 0-0 0-0 6. b3 d6 7. Bb2 Qe8 8. c4 Nc6 9. Nc3 Bd7 10. Re1 h6 11. Rc1 g5 12. d5 Nd8 13. e4 Nxe4 14. Nd4 Nxc3 15. Bxc3 f4 16. Qd3 Qf7 17. Rc2 c5 18. Ne6 Bxe6 19. dxe6 Qf5 20. Be4 Qh3 21. Bg2 Qf5 22. Be4 Qh3 23. Bg2 Qh5 24. Bf3 g4 25. Be4 f3 26. h4 gxh3 27. Kh2 Nc6 28. Bg6 Qg5 29. Bh7+ Kh8 30. Bd2 Qf6 31. Be4 Ne5 32. Qf1 Ng4+ 33. Kh1 Qxe6 34. Bxb7 Qf5 35. Be4 Qh5 36. Bxa8 Rxa8 37. Rxe7 Bd4 38. Bc3 Qf5 39. Bxd4+ cxd4 40. Rd2 d3 41. Re1 Ne5 42. Re3 h5 43. Rexd3 Nxd3 44. Qxd3 Qxd3 45. Rxd3 Re8 46. Rxf3 Re2 47. a4 Kg7 48. Kh2 Rd2 49. Kxh3 Kg6 50. Kg2 Kg5 51. Rf7 Rd3 52. Rb7 a5 53. Rb5+ Kg6 54. Rd5 Rxb3 55. Rxd6+ Kf7 56. Rd5 Rb4 57. Rxa5 Rxc4 58. Ra7+ Kg6 59. a5 h4 60. gxh4 Rxh4 61. Kg3 Ra4 62. a6 Ra3+ 63. f3 Ra1 64. Ra8 Kg7 65. Kf4 Ra4+ 66. Ke5 Ra5+ 67. Kd6 Rf5 68. Kc6 Rf6+ 69. Kb5 Rf5+ 70. Kb6 Rf6+ 71. Kc5 Rf5+ 72. Kd4 Rxf3 73. Rb8 Ra3 74. Rb7+ Kf6 75. a7 Ke6 76. Kc5 Ra1 77. Kc6 Rc1+ 78. Kb6 Ra1 79. Kc7 1-0

[Event "Titled Tuesday intern op 05th Jul Early"]
[Site "Chess.com INT"]
[Date "2022.07.05"]
[Round "3"]
[White "Severino, Sander"]
[Black "Kovalev, Vladislav"]
[Result "0-1"]
[WhiteElo "2364"]
[BlackElo "2623"]
[PlyCount "96"]
[EventDate "2022.07.05"]
[EventType "swiss (blitz)"]
[EventRounds "11"]
[EventCountry "USA"]
[SourceTitle "CBM 209 Extra"]
[Source "ChessBase"]
[SourceDate "2022.09.30"]
[SourceVersion "1"]
[SourceVersionDate "2022.09.30"]
[SourceQuality "1"]

1. d4 Nf6 2. c4 e6 3. Nf3 Bb4+ 4. Bd2 Qe7 5. Nc3 b6 6. e3 Bb7 7. Bd3 Bxc3 8. Bxc3 Ne4 9. Qc2 f5 10. 0-0-0 0-0 11. Rhg1 d6 12. b3 Nxc3 13. Qxc3 Nd7 14. Nd2 a5 15. f3 c5 16. Bc2 Rad8 17. Kb1 Qh4 18. h3 Qg3 19. Kb2 Nf6 20. Nb1 Bc6 21. Qe1 Qg5 22. Nc3 Rfe8 23. f4 Qh5 24. Qf2 g6 25. Rd2 Qh6 26. Rgd1 Rd7 27. dxc5 dxc5 28. Rd6 Rxd6 29. Rxd6 Rc8 30. Rxe6 Qf8 31. Qd2 Rd8 32. Qe2 Rd6 33. Rxd6 Qxd6 34. g4 fxg4 35. hxg4 a4 36. g5 Nh5 37. Qd3 Qe7 38. bxa4 Ng3 39. Nd5 Bxd5 40. Qxd5+ Kg7 41. e4 Ne2 42. f5 Qxg5 43. Qb7+ Kh6 44. Qxb6 Qe3 45. fxg6 Qc3+ 46. Kb1 Qe1+ 47. Kb2 Qc1+ 48. Kb3 Nd4+ 0-1

[Event "Titled Tuesday intern op 19th Apr Early"]
[Site "Chess.com INT"]
[Date "2022.04.19"]
[Round "10"]
[White "Chen, Qi B"]
[Black "Severino, Sander"]
[Result "1-0"]
[WhiteElo "2485"]
[BlackElo "2364"]
[PlyCount "71"]
[EventDate "2022.04.19"]
[EventType "swiss (blitz)"]
[EventRounds "11"]
[EventCountry "USA"]
[SourceTitle "EXT 2023"]
[Source "ChessBase"]
[SourceDate "2022.10.05"]
[SourceVersion "1"]
[SourceVersionDate "2022.10.05"]
[SourceQuality "1"]

1. e4 e5 2. Nf3 Nc6 3. Bc4 Nf6 4. Ng5 Nxe4 5. Bxf7+ Ke7 6. d4 h6 7. Nxe4 Kxf7 8. d5 Nd4 9. 0-0 d6 10. f4 Kg8 11. fxe5 dxe5 12. Nbc3 Bd6 13. Be3 Nf5 14. Qd3 Qe7 15. Rf2 Bd7 16. Nxd6 cxd6 17. Raf1 g6 18. Ne4 Rh7 19. Bd2 Qh4 20. g3 Qh3 21. Nf6+ Kh8 22. Nxh7 Kxh7 23. c4 Re8 24. Qe4 h5 25. Bg5 Rc8 26. b3 Kg8 27. a4 b6 28. Bd2 Re8 29. a5 Kh7 30. axb6 axb6 31. b4 Ra8 32. Be3 Ra3 33. Bxb6 Nxg3 34. Rf7+ Kh6 35. Be3+ Rxe3 36. Qxe3+ 1-0

[Event "Titled Tuesday intern op 19th Apr Early"]
[Site "Chess.com INT"]
[Date "2022.04.19"]
[Round "8"]
[White "Csonka, Balazs"]
[Black "Severino, Sander"]
[Result "0-1"]
[WhiteElo "2496"]
[BlackElo "2364"]
[PlyCount "96"]
[EventDate "2022.04.19"]
[EventType "swiss (blitz)"]
[EventRounds "11"]
[EventCountry "USA"]
[SourceTitle "EXT 2023"]
[Source "ChessBase"]
[SourceDate "2022.10.05"]
[SourceVersion "1"]
[SourceVersionDate "2022.10.05"]
[SourceQuality "1"]

1. d4 d5 2. c4 e6 3. Nf3 c6 4. g3 f5 5. Bg2 Nf6 6. 0-0 Bd6 7. b3 Qe7 8. Bb2 0-0 9. Qc1 Bd7 10. Ba3 Be8 11. Bxd6 Qxd6 12. Ne5 Nbd7 13. f4 Rc8 14. c5 Qe7 15. Nc3 Nxe5 16. fxe5 Ne4 17. Nxe4 dxe4 18. b4 g5 19. a4 Kg7 20. Qd2 a6 21. Rf2 Bg6 22. e3 h5 23. Kh1 Rh8 24. Raf1 h4 25. gxh4 Rxh4 26. Kg1 g4 27. Bh1 Rch8 28. Rg2 Qg5 29. Rf4 Rh3 30. Qf2 Rf3 31. Qd2 Rhh3 32. Rf2 Rxe3 33. Rf1 g3 34. Qxe3 gxh2+ 35. Kf2 Qg1+ 36. Rxg1 hxg1Q+ 37. Kxg1 Rxe3 38. Rf1 Rd3 39. b5 axb5 40. axb5 cxb5 41. Rb1 f4 42. Rxb5 f3 43. Rxb7+ Kh6 44. Kf2 Bh5 45. Rd7 e3+ 46. Kg3 e2 47. Kf2 Rd1 48. Bxf3 e1Q+ 0-1

[Event "Online Olym Disabilities"]
[Site "Tornelo INT"]
[Date "2020.11.27"]
[Round "7.1"]
[White "Babarykin, Stanislav"]
[Black "Severino, Sander"]
[Result "1-0"]
[WhiteElo "2387"]
[BlackElo "2364"]
[PlyCount "99"]
[EventDate "2020.11.21"]
[EventType "team-swiss (rapid)"]
[EventRounds "7"]
[EventCountry "NET"]
[SourceTitle "CBM 199 Extra"]
[Source "ChessBase"]
[SourceDate "2021.01.31"]
[SourceVersion "1"]
[SourceVersionDate "2021.01.31"]
[SourceQuality "1"]
[WhiteTeam "Russia"]
[BlackTeam "Philippines"]
[WhiteTeamCountry "RUS"]
[BlackTeamCountry "PHI"]

1. d4 Nf6 2. Bf4 e6 3. e3 c5 4. c3 Nc6 5. Nd2 d5 6. Ngf3 Bd6 7. Bg3 0-0 8. Bb5 Bxg3 9. hxg3 Qb6 10. Bxc6 bxc6 11. Qc2 cxd4 12. cxd4 Ba6 13. Ne5 g6 14. f3 Rfb8 15. Nb3 Bc4 16. Nxc4 dxc4 17. Qxc4 a5 18. Rb1 e5 19. 0-0 Nd5 20. Rfe1 exd4 21. Nxd4 Rc8 22. b3 Qc7 23. Rbc1 Qd6 24. e4 Ne7 25. e5 Qd8 26. e6 f6 27. Qc5 Qe8 28. Rcd1 Rd8 29. Ne2 a4 30. Nc3 axb3 31. axb3 Rxd1 32. Rxd1 Rd8 33. Rxd8 Qxd8 34. Ne4 Kg7 35. Qc3 Qb6+ 36. Kh2 Nd5 37. Qa1 Qc7 38. Kh1 h5 39. Qa6 Ne7 40. Qa3 g5 41. Qc5 Nd5 42. Nd6 Kg6 43. Qc2+ Kh6 44. Nf5+ Kh7 45. Ne7+ Kh8 46. Nxd5 Qxg3 47. Qc3 cxd5 48. e7 Qb8 49. Qxf6+ Kh7 50. Qf7+ 1-0

[Event "Online Olym Disabilities"]
[Site "Tornelo INT"]
[Date "2020.11.22"]
[Round "2.15"]
[White "Aigner, Michael"]
[Black "Severino, Sander"]
[Result "0-1"]
[WhiteElo "2006"]
[BlackElo "2364"]
[PlyCount "114"]
[EventDate "2020.11.21"]
[EventType "team-swiss (rapid)"]
[EventRounds "7"]
[EventCountry "NET"]
[SourceTitle "CBM 199 Extra"]
[Source "ChessBase"]
[SourceDate "2021.01.31"]
[SourceVersion "1"]
[SourceVersionDate "2021.01.31"]
[SourceQuality "1"]
[WhiteTeam "United States"]
[BlackTeam "Philippines"]
[WhiteTeamCountry "USA"]
[BlackTeamCountry "PHI"]

1. e4 c6 2. d4 d5 3. Nc3 dxe4 4. Nxe4 Nf6 5. Nxf6+ exf6 6. c3 Bd6 7. Bd3 0-0 8. Qc2 Re8+ 9. Ne2 h5 10. Be3 Nd7 11. 0-0-0 Nf8 12. Kb1 Be6 13. c4 Rc8 14. Nc3 Bb4 15. h3 b5 16. c5 Bxc3 17. Qxc3 Qd5 18. b3 Bf5 19. g4 Bxd3+ 20. Qxd3 h4 21. Qf5 Rcd8 22. Qxd5 Rxd5 23. Kc2 Ne6 24. Rd3 Red8 25. Rhd1 g5 26. b4 Kg7 27. Kc3 Kg6 28. a4 bxa4 29. Ra1 a5 30. Rxa4 axb4+ 31. Rxb4 Nxc5 32. Rd1 Ne6 33. Ra1 c5 34. dxc5 Nxc5 35. Ra7 Nd3 36. Rb6 R5d6 37. Rxd6 Rxd6 38. Ra4 Ne5 39. Ra1 f5 40. gxf5+ Kxf5 41. Rg1 Rc6+ 42. Kb3 f6 43. Ra1 Nc4 44. Bd4 Nd2+ 45. Kb2 Ke4 46. Ba7 Kf3 47. Rg1 Nc4+ 48. Kb3 Ne5 49. Be3 Nd3 50. Ba7 Nf4 51. Rd1 Nxh3 52. Rd3+ Kg2 53. Rd2 Nf4 54. Ra2 h3 55. Bd4 Kf3 56. Ba7 h2 57. Ra1 Kg2 0-1

[Event "Online Olym Div2 B"]
[Site "Chess.com INT"]
[Date "2020.08.14"]
[Round "3.1"]
[White "Kulpruethanon, Thanadon"]
[Black "Severino, Sander"]
[Result "0-1"]
[WhiteElo "2282"]
[BlackElo "2364"]
[PlyCount "98"]
[EventDate "2020.08.14"]
[EventType "team-tourn (rapid)"]
[EventRounds "9"]
[EventCountry "USA"]
[SourceTitle "CBM 198"]
[Source "ChessBase"]
[SourceDate "2020.10.31"]
[SourceVersion "1"]
[SourceVersionDate "2020.10.31"]
[SourceQuality "1"]
[WhiteTeam "Thailand"]
[BlackTeam "IPCA"]
[WhiteTeamCountry "THA"]

1. Nf3 Nf6 2. g3 d5 3. Bg2 Bf5 4. 0-0 e6 5. c4 c6 6. cxd5 exd5 7. d3 Be7 8. Qb3 Qb6 9. Qc2 0-0 10. Nc3 h6 11. e4 dxe4 12. dxe4 Bh7 13. Be3 Qa5 14. a3 Na6 15. b4 Qc7 16. Rac1 Rfe8 17. Bf4 Qc8 18. Qb3 Nc7 19. Nd4 Ne6 20. Nxe6 Qxe6 21. Qxe6 fxe6 22. f3 a5 23. Rb1 axb4 24. axb4 Red8 25. Rfc1 Ra3 26. Bf1 g5 27. Bc7 Rd7 28. g4 Rxc3 29. Rxc3 Rxc7 30. b5 Nd7 31. bxc6 bxc6 32. Rcb3 Ne5 33. Rb7 Rxb7 34. Rxb7 Kf7 35. Kg2 Kf6 36. Rc7 Bg6 37. Ba6 Be8 38. Be2 Ng6 39. Bc4 c5 40. Ra7 Ke5 41. Kf2 Kf6 42. Ke3 Bd6 43. Rh7 Bf7 44. Rxh6 Kg7 45. Rh5 Bf4+ 46. Kd3 Ne5+ 47. Kc3 Bxh5 48. gxh5 Nxc4 49. Kxc4 Bd6 0-1

[Event "PHI-ch"]
[Site "Quezon City"]
[Date "2019.11.26"]
[Round "11"]
[White "Severino, Sander"]
[Black "Laylo, Darwin"]
[Result "1/2-1/2"]
[WhiteElo "2378"]
[BlackElo "2441"]
[PlyCount "62"]
[EventDate "2019.11.20"]
[EventType "tourn"]
[EventRounds "11"]
[EventCountry "PHI"]
[EventCategory "6"]
[SourceTitle "CBM 193 Extra"]
[Source "ChessBase"]
[SourceDate "2020.01.31"]
[SourceVersion "1"]
[SourceVersionDate "2020.01.31"]
[SourceQuality "1"]

1. d4 Nf6 2. c4 g6 3. f3 d5 4. cxd5 Nxd5 5. e4 Nb6 6. Nc3 Bg7 7. Be3 0-0 8. Qd2 e5 9. d5 c6 10. h4 cxd5 11. exd5 h5 12. g4 hxg4 13. h5 Bf5 14. fxg4 Bxg4 15. hxg6 fxg6 16. Qh2 Bh5 17. Be2 Rf5 18. 0-0-0 N8d7 19. Qg2 Bxe2 20. Bxb6 Qxb6 21. Ngxe2 Rc8 22. d6 Rf6 23. Qg4 Rd8 24. Qc4+ Rf7 25. Kb1 Qc6 26. Qd3 e4 27. Qxe4 Qxe4+ 28. Nxe4 Re8 29. N2c3 Bxc3 30. Nxc3 Kg7 31. Kc1 Rf5 1/2-1/2

[Event "PHI-ch"]
[Site "Quezon City"]
[Date "2019.11.25"]
[Round "9"]
[White "Severino, Sander"]
[Black "Garcia, Jan Emmanuel"]
[Result "1/2-1/2"]
[WhiteElo "2378"]
[BlackElo "2426"]
[PlyCount "160"]
[EventDate "2019.11.20"]
[EventType "tourn"]
[EventRounds "11"]
[EventCountry "PHI"]
[EventCategory "6"]
[SourceTitle "CBM 193 Extra"]
[Source "ChessBase"]
[SourceDate "2020.01.31"]
[SourceVersion "1"]
[SourceVersionDate "2020.01.31"]
[SourceQuality "1"]

1. d4 Nf6 2. c4 g6 3. f3 Bg7 4. e4 d6 5. Nc3 0-0 6. Be3 c6 7. Qd2 a6 8. 0-0-0 b5 9. Bh6 Qa5 10. Bxg7 Kxg7 11. Kb1 e5 12. h4 h5 13. Nh3 Bxh3 14. Rxh3 Nbd7 15. g4 hxg4 16. fxg4 exd4 17. Qxd4 b4 18. g5 bxc3 19. gxf6+ Nxf6 20. h5 Qe5 21. hxg6 fxg6 22. Qxd6 Qxd6 23. Rxd6 Nxe4 24. Rd7+ Rf7 25. Rxf7+ Kxf7 26. Bd3 Nc5 27. Bc2 cxb2 28. Rh7+ Ke6 29. Rg7 Rb8 30. Rxg6+ Kd7 31. Rg7+ Kd6 32. Rg6+ Kc7 33. Rg7+ Kb6 34. Kxb2 Rf8 35. Rg3 Rf4 36. Kc3 Rh4 37. Rf3 Ne6 38. Re3 Nd8 39. Bd3 Rh2 40. Bc2 Nb7 41. Rg3 Nd6 42. Re3 Rh4 43. Bd3 Rh2 44. a3 Nb7 45. Rg3 Nc5 46. Bc2 Ne6 47. Re3 Nd8 48. Rf3 Nb7 49. Rg3 Nd6 50. Bd3 Nb7 51. Rf3 Nc5 52. Bc2 Rg2 53. Re3 Rf2 54. Bb3 Rf4 55. Bc2 Nd7 56. Bd3 Rh4 57. Bf5 Nc5 58. Bc2 Rh6 59. Rg3 Rh1 60. Re3 Rh2 61. Rf3 a5 62. Re3 Rh6 63. Bf5 Rh4 64. Bc2 Rg4 65. Bf5 Rf4 66. Bc2 Rf2 67. Bb3 Rf6 68. Bc2 Rh6 69. Bf5 Rh5 70. Bg6 Rg5 71. Bc2 Nd7 72. Rh3 Kc5 73. Bd3 Re5 74. Rf3 Rh5 75. Rf5+ Rxf5 76. Bxf5 Nf6 77. Kb3 Ne8 78. Bd7 Nc7 79. Ka4 Kb6 80. c5+ Kxc5 1/2-1/2

[Event "Pattaya Thailand op 2nd"]
[Site "Pattaya"]
[Date "2019.10.30"]
[Round "9"]
[White "Gomez, John Paul"]
[Black "Severino, Sander"]
[Result "1-0"]
[WhiteElo "2433"]
[BlackElo "2363"]
[PlyCount "83"]
[EventDate "2019.10.23"]
[EventType "swiss"]
[EventRounds "9"]
[EventCountry "THA"]
[SourceTitle "CBM 192 Extra"]
[Source "Chessbase"]
[SourceDate "2019.11.06"]
[SourceVersion "1"]
[SourceVersionDate "2019.11.06"]
[SourceQuality "1"]

1. e4 c6 2. d4 d5 3. e5 Bf5 4. Nf3 e6 5. Be2 Nd7 6. 0-0 Ne7 7. Nbd2 Nc8 8. Re1 Be7 9. Nf1 0-0 10. Ng3 Bg6 11. Bd3 c5 12. c3 a6 13. Ne2 Na7 14. Nf4 Nc6 15. Nxg6 fxg6 16. Be3 cxd4 17. Nxd4 Nxd4 18. cxd4 Rf7 19. g3 Nf8 20. Rc1 Bb4 21. Re2 Rc7 22. Rxc7 Qxc7 23. Qa4 Be7 24. Rc2 Qb6 25. a3 Qa7 26. Rc3 Bd8 27. Qb4 Qb6 28. Qa4 Qa7 29. h4 Bb6 30. Qb4 Bd8 31. Bg5 Bb6 32. Kg2 Bxd4 33. Rc7 Bxe5 34. Be3 Bxc7 35. Bxa7 Rxa7 36. Qc5 b6 37. Qc6 a5 38. f4 Bd8 39. Qc8 Rd7 40. Bb5 Rd6 41. Qb7 h6 42. Be8 1-0

[Event "Bangkok op 17th"]
[Site "Bangkok"]
[Date "2017.04.11"]
[Round "4"]
[White "Galas, Bernadette"]
[Black "Severino, Sander"]
[Result "0-1"]
[WhiteElo "2083"]
[BlackElo "2364"]
[PlyCount "80"]
[EventDate "2017.04.08"]
[EventType "swiss"]
[EventRounds "9"]
[EventCountry "THA"]
[SourceTitle "CBM 177 Extra"]
[Source "ChessBase"]
[SourceDate "2017.04.27"]
[SourceVersion "1"]
[SourceVersionDate "2017.04.27"]
[SourceQuality "1"]

1. e4 e6 2. Nc3 d5 3. Qe2 d4 4. Nd1 e5 5. g3 c5 6. d3 Nc6 7. Bg2 Be6 8. Nf3 f6 9. a3 Bd6 10. Nd2 Qd7 11. b3 Nge7 12. Nc4 Bc7 13. a4 Nb4 14. f3 0-0-0 15. Nf2 g5 16. Ba3 h5 17. 0-0-0 Na2+ 18. Kb2 Nc3 19. Qd2 Nxd1+ 20. Rxd1 b6 21. Qe1 Nc6 22. Kb1 Kb7 23. Bc1 a6 24. Bd2 b5 25. Nb2 Rb8 26. Bf1 Ka7 27. f4 g4 28. Bc1 Rb7 29. Qe2 Rhb8 30. axb5 axb5 31. fxe5 fxe5 32. Bg2 Ba5 33. Bd2 Qd8 34. Rf1 Bb4 35. Bxb4 Nxb4 36. Nfd1 Ra8 37. Qf2 Rf7 38. Qd2 Rxf1 39. Bxf1 Qf6 40. Bg2 Kb6 0-1

[Event "Bangkok op 17th"]
[Site "Bangkok"]
[Date "2017.04.09"]
[Round "2"]
[White "Chan, Kim Yew"]
[Black "Severino, Sander"]
[Result "1/2-1/2"]
[WhiteElo "2080"]
[BlackElo "2364"]
[PlyCount "103"]
[EventDate "2017.04.08"]
[EventType "swiss"]
[EventRounds "9"]
[EventCountry "THA"]
[SourceTitle "CBM 177 Extra"]
[Source "ChessBase"]
[SourceDate "2017.04.27"]
[SourceVersion "1"]
[SourceVersionDate "2017.04.27"]
[SourceQuality "1"]

1. Nf3 d5 2. d4 e6 3. c4 Nf6 4. g3 Be7 5. Bg2 0-0 6. 0-0 c6 7. Qc2 b6 8. Rd1 Bb7 9. Bf4 Nbd7 10. Ne5 Qc8 11. Nc3 Nxe5 12. dxe5 Nd7 13. cxd5 cxd5 14. e4 dxe4 15. Bxe4 Bxe4 16. Qxe4 Rd8 17. Rac1 Nc5 18. Qc4 Nd3 19. Nd5 Qxc4 20. Nxe7+ Kf8 21. Rxc4 Nxf4 22. Rxd8+ Rxd8 23. Rxf4 Kxe7 24. Rc4 Rd2 25. Rc7+ Ke8 26. Rxa7 Rxb2 27. Rb7 g5 28. h3 h5 29. a4 Rb4 30. Ra7 Kf8 31. a5 bxa5 32. Rxa5 Kg7 33. Kg2 Rd4 34. Kf3 Rd3+ 35. Ke2 Rc3 36. Ra4 Kg6 37. Re4 Kf5 38. f3 Rc2+ 39. Ke3 Rg2 40. g4+ Kg6 41. gxh5+ Kxh5 42. Rg4 Rh2 43. Rg3 Ra2 44. Rg4 Ra5 45. Ke4 Ra1 46. Ke3 Ra3+ 47. Ke4 Ra4+ 48. Ke3 Rxg4 49. hxg4+ Kh4 50. Kd4 Kh3 51. Kd3 Kh2 52. Kd2 1/2-1/2

[Event "Olongapo City Puregold op"]
[Site "Olongapo City"]
[Date "2015.11.20"]
[Round "8"]
[White "Lin, Chen"]
[Black "Severino, Sander"]
[Result "1-0"]
[WhiteElo "2520"]
[BlackElo "2349"]
[PlyCount "69"]
[EventDate "2015.11.16"]
[EventType "game"]
[EventRounds "10"]
[EventCountry "PHI"]
[SourceTitle "CBM 169 Extra"]
[Source "ChessBase"]
[SourceDate "2015.12.18"]
[SourceVersion "1"]
[SourceVersionDate "2015.12.18"]
[SourceQuality "1"]

1. e4 e6 2. Qe2 c5 3. Nf3 Nc6 4. g3 Nf6 5. Bg2 d5 6. exd5 Nxd5 7. 0-0 Be7 8. Rd1 Bf6 9. Nc3 0-0 10. Ne4 Be7 11. d4 cxd4 12. Nxd4 Nxd4 13. Rxd4 Nf4 14. Nf6+ Bxf6 15. Rxf4 Bg5 16. Rb4 Bxc1 17. Rxc1 Qe7 18. a3 Re8 19. Rd1 e5 20. Rb5 f5 21. Qc4+ Kh8 22. Qc3 e4 23. Rc5 Be6 24. Rc7 Qg5 25. Rxb7 Rad8 26. Rxd8 Rxd8 27. h4 Qg4 28. Bh3 Qd1+ 29. Kh2 Rg8 30. Rxa7 Qe2 31. Kg1 f4 32. Bxe6 e3 33. Qxg7+ Rxg7 34. Ra8+ Rg8 35. Rxg8# 1-0

[Event "Olongapo City Puregold op"]
[Site "Olongapo City"]
[Date "2015.11.20"]
[Round "7"]
[White "Severino, Sander"]
[Black "Cuhendi, Sean Winshand"]
[Result "1-0"]
[WhiteElo "2349"]
[BlackElo "2450"]
[PlyCount "77"]
[EventDate "2015.11.16"]
[EventType "game"]
[EventRounds "10"]
[EventCountry "PHI"]
[SourceTitle "CBM 169 Extra"]
[Source "ChessBase"]
[SourceDate "2015.12.18"]
[SourceVersion "1"]
[SourceVersionDate "2015.12.18"]
[SourceQuality "1"]

1. d4 Nf6 2. c4 c5 3. d5 e5 4. Nc3 d6 5. e4 Nbd7 6. Bd3 g6 7. Nge2 Bg7 8. f3 a6 9. Be3 h5 10. Qd2 Rb8 11. h4 Qc7 12. b3 Nb6 13. Nd1 Bd7 14. Nf2 Nc8 15. Rc1 b5 16. b4 bxc4 17. Rxc4 Nb6 18. Rc1 c4 19. Bc2 c3 20. Qxc3 Qxc3+ 21. Nxc3 Nc4 22. Bg5 Rxb4 23. Nd3 Rb8 24. Bb3 Na5 25. Ba4 Nh7 26. Ke2 Nxg5 27. hxg5 f6 28. Rb1 Ke7 29. Nb4 Bxa4 30. Nxa4 Rhc8 31. Kd3 fxg5 32. Nxa6 Rxb1 33. Rxb1 Rc4 34. Nb6 Rd4+ 35. Kc3 g4 36. Nb4 Kd8 37. Nc2 g3 38. Nxd4 exd4+ 39. Kd3 1-0